|
|
|
|
| LEADER |
00000cam a2200000 a 4500 |
| 001 |
UCF4499 |
| 003 |
CL-VaPUC |
| 008 |
121213e19970000CL |||||||||||||||||spa|d |
| 020 |
|
|
|a 9562810244
|
| 082 |
0 |
4 |
|a Ch863
|b CUE
|2 21
|
| 245 |
1 |
0 |
|a Cuentos chilenos: antología
|
| 300 |
|
|
|a 95 p
|
| 942 |
|
|
|c BK
|
| 945 |
|
|
|d 20121213 00:00:00
|a cmena
|
| 260 |
|
|
|a Santiago
|b Prosa
|c 1997
|
| 650 |
|
0 |
|a Cuentos chilenos
|9 308280
|
| 650 |
|
0 |
|a Antologías
|9 309836
|
| 650 |
|
0 |
|a Literatura chilena
|9 308278
|
| 583 |
|
|
|a last modification
|c 20121213 11:07:00
|k Rodrigo Vera
|
| 999 |
|
|
|c 350283
|d 350281
|
| 952 |
|
|
|0 0
|1 0
|4 0
|6 CH_863_000000000000000_CUE_1997
|7 0
|8 A
|9 453551
|a BIBEDU
|b BIBEDU
|d 2019-11-22
|i 4867874
|o Ch863 CUE 1997
|p 4867874
|r 2019-11-22
|w 2019-11-22
|y BK
|k LIT
|